zpět

Detail výsledku týmu

Hospoda U Stolínů, Nový Bydžov

Datum a čas kvízu

24.5 Celkem bodů Celkový počet nahraných bodů na tomto kvízu bez doplňovacích otázek.
5. Pořadí na kvízu Konečné umístění týmu na tomto kvízu.

Zaznamenané odpovědi

# Otázka Odpověď Body Výsledky
1. Minulou sobotu byla mimořádně... Kramářova vila 0
2. Slovenskému premiérovi Igoru M... Žije v nezkolaudovaném domě. 0
3. Minulý týden byl odhalen trail... Bábovky 1
4. Jedna z německých automobilek... Audi 1
5. Světová deblová dvojka Barbora... Simona Halepová 0
6. Historie kulečníkových her sah... slonovina 0
7. Kulečník, nebo také biliár (z... snooker 0
8. Osmička (Eight-ball) se hraje... A 1
9. Nyní vám pustíme ukázku ze ser... karambol 0
10. The Hustler, česky Hazardní hr... Barva peněz 1